| 000 | 00358nam a2200133Ia 4500 | ||
|---|---|---|---|
| 008 | 210716s1961 xx 000 0 und d | ||
| 041 | _aeng | ||
| 082 | _a374.22 OPPF | ||
| 100 | _aOppenheim, Felix E. | ||
| 245 |
_aDimensions of freedom: analysis. _bAnalysis. |
||
| 260 |
_aNew York _bSt. martins press _c1961 |
||
| 300 | _a242 | ||
| 650 | _aGeneral Knowledge | ||
| 999 |
_c201327 _d201327 |
||